00388pab a2200145 454500008004000000100002200040245006000062260000900122300001300131362001200144650002000156650003100176650002300207773001200230180718b2009 xxu||||| |||| 00| 0 eng d aVarma, Jayanth R. aIndian financial sector and the global financial crisis c2009 ap.25-34. aJul-Sep aFinance - India aEconomic recession - India aEconomic recession aVikalpa